MDQL
is popping MORE tags! Check the
thread
!
Quizzes
Events
Quiz Creation
Community
Videos
Private Events
Remove Ads
Sign In
Join for FREE
Feedback
Dark Mode
Quiz Categories
Sports
Geography
Music
Movies
Television
Just For Fun
Miscellaneous
History
Literature
Language
Science
Gaming
Entertainment
Religion
Holiday
For Kids
Quiz Lab
Recent
Popular Today
Quiz Kudos Today
Editor Picks
Curator Picks
Quizzes by...
Day
Popularity
Type
Ratings
Length
Year
Community
Subscriptions
Recent Discussions
Orange Saloon
Badges
Playlists
Quests
Create
Leaderboards
Showdown
Live 5
Trivia Bingo
Activity
Puzzle Library
Sporcle Events
Private Events
Virtual Trivia
Globe League
Become a Host
Pub Owners
SporcleCon
Opinionation
Our Games
Videos
Blog
Mobile Apps
Partnerships
Remove Ads and Go Orange
Feedback
Television
TV Characters
TV Show
Sitcom
Network
Friends
Reality Shows
Cast
South Park
Star Trek
The Simpsons
Doctor Who
Television
TV Characters
TV Show
Sitcom
Network
Friends
Reality Shows
Cast
South Park
Star Trek
The Simpsons
Doctor Who
Random Quiz
Search Sporcle
×
Quiz Lab
Quiz Lab
Television
TV Show
Select answers by clicking on text or image buttons
Select answers by clicking on text or image buttons
Clickable
Best Score? Go Orange.
Follow That Line: How I Met Your Mother 12 Stats
Can you pick the following lines of these quotes from How I Met Your Mother?
By
lyndrix
5m
20 Questions
530 Plays
530 Plays
530 Plays
Comments
Comments
Give Quiz Kudos
Give Quiz Kudos
-
- Ratings
hide this ad
Forced Order
Answers have to be entered in order
Answers have to be entered in order
Replay
Link that replays current quiz
Next Quiz
Link to next quiz in quiz playlist
You Got
0%
They Got
Avg Score
83%
Avg Friend Score
Upgrade to see
Score Distribution
Jump to the score distribution portion of the page
Score
0/20
Timer
05:00
0
Plays Today
% Correct
Think of it as a high five... for your stupid face
93.2%
I'm saying I did not order room service.
90.6%
I just worry what kind of breakfast you're gonna be serving my grandchildren
90.6%
Kids understand who shows up.
90.4%
but I don't wanna lose you as a friend, either of you
88.5%
before you take his accidental curly!
88.3%
Best job ever, right?
87%
and all that Lily-and-Marshall crap
86.8%
He left the Cavs three years ago, bro, give it up, move on.
86.6%
and quit bothering us with your dumb love life stuff!
86.2%
% Correct
You're dreaming if you think that's the last one of those
84%
That's the secret
82.8%
Game on, bitch!
82.5%
Next time grow your bangs long enough to cover your mouth. I'll pass.
81.5%
Rats
81.3%
but someone's going to
80.6%
no good comes from hanging out in bars and getting drunk
80%
Did you pack enough undies?
76.4%
But when Mommy sees Daddy, she's gonna be pissed.
72.6%
I've been waiting to say that!
67%
Quiz Playlist
Details
Report
Send in Message
Add To Playlist
Clickable:
Select answers by clicking on text or image buttons
Forced Order:
Answers have to be entered in order
Last Updated: Jul 25, 2017
Quiz Scoreboard
CHALLENGE
Sign Up to Join the Scoreboard
Show All
Scores
Hide
Comments
May contain spoilers
Recently Published
Image Sorting: Flags VI
by Barbecue
Geography
2m
Find the 'City' Movie
by crazypaving
Movies
60s
Colored Red Africa Blitz
by spor1
Geography
45s
More to Explore
Quiz From the Vault
Featured Blog Post
14 Easter Pick-up Lines to Find Eggs With
hide this ad
You Might Also Like...
Tags
TV Characters Quiz
TV Show Quiz
Barney Stinson
HIMYM
HIMYM Seasons
How I Met Your Mother
Televised
Television Stars
TV 50
TV Episodes
TV Quotes
Today's Top Quizzes in Television
Browse Television
hide this ad
Today's Top Quizzes in TV Show
Browse TV Show
Top Contributed Quizzes in Television
1
Survivor Journey Challenge
2
Brooklyn Nine Nine Logic Puzzle (How-To-Play)
3
Total Drama Characters
4
Phoebe Buffay Quotes
5
Survivor Heroes vs. Villains Logic Puzzle
6
Adjectives in 00s TV Shows
7
Survivor Trivia
8
Game of Thrones: Tywin Lannister Start to Finish
9
Emmerdale Characters (from August 2012)
10
Survivor Logic Puzzle: Heroes vs. Villains
Explore More
Trending Topics
Disney
Marvel
Crossword
Harry Potter
NBA
Kpop
Anime
The Office
Puzzle
Soccer
Pokémon
Country
Song
WWE
NFL
hide this ad
More By:
lyndrix
Quiz
Plays
Rating
Category
Featured
Created
50 Flicks to Click (2013)
63,952
4.43
Movies
Jul 2, 2015
50 Flicks to Click (2012)
57,594
3.72
Movies
Jul 3, 2015
Follow That Line: Harry Potter I
3,970
4.55
Literature
Nov 25, 2015
Follow that line: Friends Season 2
3,839
3.78
Television
Jul 1, 2015
Follow that line: Friends Season 8
3,433
3.22
Television
Jul 2, 2015
Go to Creator's Profile
Score Distribution
Quiz Creator Spotlight
lyndrix
Follow
Send a Message
Quizzes Created
-
Created Quiz Play Count
-
More By This Creator
Popular Quizzes Today
1
Colored Red Africa Blitz
2
Find the US States - No Outlines Minefield
3
Find the 'City' Movie
4
5x2 Blitz: Bands
5
The Countries of the World
6
Find the US States
7
Find the Countries of Europe - No Outlines Minefield
8
US States
More Television Quizzes
Lucifer (season 3-5)
Quiz Lab
Trending Quizzes
Colored Red Europe Blitz I
Colored Red Europe Blitz II
Colored Red Africa Blitz II
Colored Red Europe Blitz III
Colored Red Africa Blitz III
Recently Updated
How Do You Spell That?
pecheneg
Godzilla Movies
pecheneg
Grab Bag: 4-10 Letters
pecheneg
2024 March Madness Bracket
pecheneg
Famous TV Couples
Peacemaker
Champions League XIs: Real Madrid
pecheneg
Largest US Cities 1790-2010
pecheneg
Rides in Walt Disney World
pecheneg
Most Oscar Losses (Acting)
pecheneg
Beyoncé Albums
pecheneg
Trending Topics
Crossword
Marvel
Disney
Kpop
Harry Potter
NBA
Anime
Puzzle
Soccer
Song
Pokémon
The Office
WWE
Country
NFL
Your Account Isn't Verified!
In order to create a playlist on Sporcle, you need to verify the email address you used during registration. Go to your
Sporcle Settings
to finish the process.
Report this User
Report this user for behavior that violates our
Community Guidelines
.
Details:
Send Report
Go to the Sporcle.com Mobile Site →
Comments